Základy buněčné biologie úvod do molekulární biologie buňky
Saved in:
| Main Author: | |
|---|---|
| Format: | Book |
| Language: | Czech English |
| Published: |
Ústí nad Labem
Espero Publishing
[2000]
|
| Online Access: | View in OPAC |
| Tags: |
No Tags, Be the first to tag this record!
|
MARC
| LEADER | 00000nam a2200000 a 4500 | ||
|---|---|---|---|
| 005 | 20260127134316.0 | ||
| 008 | 010515q2000 xr a grp 001 0 cze c | ||
| 020 | |a 8090290604 |c 1299.00 | ||
| 035 | |a vtls008574899 | ||
| 035 | |a SAVUKc166308 | ||
| 039 | 9 | |a 200603271053 |b mschk03 |y 200602032229 |z VLOAD | |
| 040 | |a SAVUK |b slo |c SNK |d STUSCHK1 |e AACR2 | ||
| 041 | 1 | |a cze |h eng | |
| 044 | |a xr |c CZ | ||
| 080 | |a 577.1/.2 | ||
| 245 | 1 | 0 | |a Základy buněčné biologie |b úvod do molekulární biologie buňky |c Bruce Alberts ... [et al.] |
| 260 | |a Ústí nad Labem |b Espero Publishing |c [2000] | ||
| 300 | |a xxvi, 630, [110] s. |b fotogr., obr., sch | ||
| 500 | |a Překlad z anglického originálu: Arnošt Kotyk, Bohumil Bouzek, Pavel Hozák | ||
| 504 | |a Reg. | ||
| 700 | 1 | |a Alberts, Bruce |4 aut | |
| 910 | |a savuk | ||
| 910 | |a SCHK95 | ||
| 919 | |a 80-902906-0-4 | ||
| 999 | |c 9436 |d 9436 | ||